000
00290nam a2200109Ia 4500
008
230907s9999||||xx |||||||||||||| ||und||
082
_a
621.32
_b
DIL
100
_a
Dilouie, Craig
_9
115795
245
_a
Lighting controls handbook /
_c
Craig Dilouie.
260
_c
2019-09-27
942
_2
ddc
_c
EB
999
_c
599646
_d
599646